header

Four Restoration libertine plays (Record no. 22136)

MARC details
000 -LEADER
fixed length control field 01862nam a2200409 a 4500
082 04 - DEWEY DECIMAL CLASSIFICATION NUMBER
Classification number 822/.408
245 00 - TITLE STATEMENT
Title Four Restoration libertine plays
260 ## - PUBLICATION, DISTRIBUTION, ETC. (IMPRINT)
Place of publication Oxford, England ;
-- New York :
Name of publisher Oxford University Press,
Year of publication 2005.
300 ## - PHYSICAL DESCRIPTION
Number of Pages liv, 414 p.
490 1# - SERIES STATEMENT
Series statement Oxford English drama
Series statement Oxford world's classics
505 0# - FORMATTED CONTENTS NOTE
Formatted contents note The libertine / Thomas Shadwell -- The man of mode ; or, Sir Fopling Flutter / George Etherege -- A fond husband ; or, The plotting sisters / Thomas D'Urfey -- Friendship in fashion / Thomas Otway.
650 #0 - SUBJECT ADDED ENTRY--TOPICAL TERM
Topical Term English drama
Topical Term Libertinism
700 1# - ADDED ENTRY--PERSONAL NAME
Personal name Payne Fisk, Deborah.
Personal name Shadwell, Thomas,
Personal name Etherege, George,
Personal name D'Urfey, Thomas,
Personal name Otway, Thomas,
856 40 - ELECTRONIC LOCATION AND ACCESS
Uniform Resource Identifier http://site.ebrary.com/lib/rucke/Doc?id=10271427

No items available.

© 2026 Rongo University
Contact us: librarian | system librarian | Rongo university